00389nam a2200157Ia 45000010006000000050017000060080041000230410008000640820013000721000024000852450069001092600009001783000028001876500008002156540008002231080120260306161859.0260306t2005||||xx |||||||||||||| ||spa|| aESP a968bJ67 aJohnson, R. W.eAUT 0aHistoria de Sudáfrica:bel primer hombre, la última nación c2005 a421 páginas :c20 cm. aGEN aCHU